| 000 | 02227cam a2200169 4500500 | ||
|---|---|---|---|
| 005 | 20260426010553.0 | ||
| 041 | _afre | ||
| 042 | _adc | ||
| 100 | 1 | 0 |
_aBauks, Michaela _eauthor |
| 245 | 0 | 0 | _aOtto Betz, Beate Ego, Werner Grimm, en collaboration avec Wolfgang Zwickel, Calwer Bibellexikon, 2 vol., Stuttgart : Calwer Verlag, 2003. 24 cm. 1518 p. ISBN 37-668-3838-5. € 90 |
| 260 | _c2005. | ||
| 500 | _a28 | ||
| 520 | _aC’est au nom d’une philosophie consciente de ses propres limites que Paul Ricœur établit une tension dialectique entre théologie et philosophie. Pas plus que le théologien, le philosophe ne peut penser à partir de lui-même, dans l’illusion d’un commencement absolu, mais il se trouve toujours déjà pris dans une pensée qui le précède. À partir de ces réflexions sur la notion de limite, Jean-Daniel Causse* reprend la thématique, centrale chez Ricœur, d’un mal et d’une espérance en excès du savoir. Il analyse ensuite la compréhension du langage chez Ricœur comme production infinie du sens avant d’en proposer une relecture critique à partir d’une conception du réel comme interruption du sens et comme ouverture d’un monde de la signification. | ||
| 520 | _aAcknowledging the awareness philosophy has of its own limits, Paul Ricœur establishes a dialectical tension between theology and philosophy. No more than the theologian can the philosopher develop his thought by starting from himself, with the illusion of an absolute beginning; he is always driven into a thinking that precedes him. On the basis of such reflections about the idea of limits, Jean-Daniel Causse carries on with the topic of evil and hope as they are in excess of knowledge – a topic which is central in Ricœur’s thought. Then he analyses Ricœur’s understanding of language as an infinite production of sense before proposing a critical rereading based on a conception of the real as interruption of sense and opening of a world of meaning. | ||
| 786 | 0 | _nÉtudes théologiques et religieuses | 80 | 4 | 2005-12-01 | p. 555a-588a | 0014-2239 | |
| 856 | 4 | 1 | _uhttps://shs.cairn.info/revue-etudes-theologiques-et-religieuses-2005-4-page-555a?lang=fr&redirect-ssocas=7080 |
| 999 |
_c2222542 _d2222542 |
||